Wszyscy uczestnicy Wojanowic kiedykolwiek - Statystyki

Ogólne statystyki
  • Ten quiz został rozwiązany 280 razy
  • Średni wynik to 7 z 10
Statystyki odpowiedzi
W Uczestnicy % Poprawnych
1 Wojan
97%
3 Palion
94%
2 Kati
90%
5 Noobek
81%
7 On
74%
6 Hacker
73%
4 Matruner
68%
8 Herobrine
56%
9 Hackerka
41%
10 Adix
2%
Nie znaleziono quizów pasujących do podanych kryteriów
Rozkład punktacji
Procent ludzi z każdym wynikiem
Percentyl według liczby udzielonych odpowiedzi
Twoja historia wyników
Nie rozwiązałeś tego quizu